00470nam a22001577a 450000500170000001000150001702000260003203500140005803700130007208200110008510000160009624500540011226000500016627000550021630000410027120220722130815.0 aENG-133873 a9788170547150c597.00 aEN-117405 bDBAD/PUB a327.73 aDatta, Alok aUnited States and Contemporary World/cAlok Datta aNew DelhibClassical Publishing Companyc2016 a26, Shopping Centre, KarrampurabNew Delhie110015 a422 p.c22cm(pbk)bRefernces & Notes